<?xml version="1.0" encoding="UTF-8"?>
<record
    xmlns:xsi="http://www.w3.org/2001/XMLSchema-instance"
    xsi:schemaLocation="http://www.loc.gov/MARC21/slim http://www.loc.gov/standards/marcxml/schema/MARC21slim.xsd"
    xmlns="http://www.loc.gov/MARC21/slim">

  <leader>01418nam a2200217 a 4500</leader>
  <controlfield tag="001">000046567</controlfield>
  <controlfield tag="005">20240322191158.0</controlfield>
  <controlfield tag="008">150826s2010    dr c          000 0 spa d</controlfield>
  <datafield tag="040" ind1=" " ind2=" ">
    <subfield code="a">DO-SdBNP</subfield>
    <subfield code="b">spa</subfield>
    <subfield code="c">BNPHU</subfield>
  </datafield>
  <datafield tag="100" ind1="1" ind2=" ">
    <subfield code="a">Espinal, Rosario</subfield>
    <subfield code="d">1955-</subfield>
    <subfield code="9">43869</subfield>
  </datafield>
  <datafield tag="245" ind1="1" ind2="0">
    <subfield code="a">An&#xE1;lisis del sistema electoral dominicano y representaci&#xF3;n pol&#xED;tica de las mujeres /</subfield>
    <subfield code="c">Rosario Espinal ; colaboraci&#xF3;n Sergia Galv&#xE1;n; pr&#xF3;logo Yassine Fall.</subfield>
  </datafield>
  <datafield tag="260" ind1=" " ind2=" ">
    <subfield code="a">Santo Domingo :</subfield>
    <subfield code="b">r (INSTRAW),</subfield>
    <subfield code="c">2010.</subfield>
  </datafield>
  <datafield tag="300" ind1=" " ind2=" ">
    <subfield code="a">188 p. :</subfield>
    <subfield code="b">ils., gr&#xE1;fs.</subfield>
  </datafield>
  <datafield tag="500" ind1=" " ind2=" ">
    <subfield code="a">Incluye referencias bibliogr&#xE1;ficas y notas al pie de las p&#xE1;ginas</subfield>
  </datafield>
  <datafield tag="500" ind1=" " ind2=" ">
    <subfield code="a">Presentado al Instituto Internacional de Investigaciones y Capacitaci&#xF3;n de las Naciones Unidas para la Promoci&#xF3;n de la Muje(UN-INSTRAW), el Programa de Naciones Unidas para el Desarrollo (PNUD) y la Agencia Espa&#xF1;ola de Cooperaci&#xF3;n Interancional para el Desarrollo (AECiD)</subfield>
  </datafield>
  <datafield tag="505" ind1="0" ind2=" ">
    <subfield code="a">Pr&#xF3;logo -- Resumen ejecutivo -- Introducci&#xF3;n -- Mujeres y pol&#xED;tica: una panor&#xE1;mica -- Partidos pol&#xED;ticos y sistema electoral -- Impacto del sistema electoral en la representaci&#xF3;n pol&#xED;tica de las mujeres -- Conclusiones y recomendaciones -- Bibliograf&#xED;a</subfield>
  </datafield>
  <datafield tag="504" ind1=" " ind2=" ">
    <subfield code="a">Bibliograf&#xED;a : p. 179-188</subfield>
  </datafield>
  <datafield tag="700" ind1="1" ind2="2">
    <subfield code="a">Galv&#xE1;n, Sergia</subfield>
    <subfield code="9">38245</subfield>
  </datafield>
  <datafield tag="700" ind1="1" ind2="2">
    <subfield code="a">Fall, Yassine</subfield>
    <subfield code="9">74557</subfield>
  </datafield>
  <datafield tag="710" ind1="2" ind2=" ">
    <subfield code="a">Instituto Internacional de Investigaciones y Capacitaci&#xF3;n de las Naciones Unidas para la Promoci&#xF3;n de la Muje</subfield>
    <subfield code="9">74558</subfield>
  </datafield>
  <datafield tag="952" ind1=" " ind2=" ">
    <subfield code="0">0</subfield>
    <subfield code="1">0</subfield>
    <subfield code="7">1</subfield>
    <subfield code="8">PD</subfield>
    <subfield code="a">PD</subfield>
    <subfield code="b">PD</subfield>
    <subfield code="c">HD</subfield>
    <subfield code="d">2015-08-26</subfield>
    <subfield code="i">LF1</subfield>
    <subfield code="l">0</subfield>
    <subfield code="o"> </subfield>
    <subfield code="p">46567-10</subfield>
    <subfield code="r">2020-06-25</subfield>
    <subfield code="w">2020-06-25</subfield>
    <subfield code="y">LFPD</subfield>
    <subfield code="z">Perteneci&#xF3; a la biblioteca personal de Chiqui Vicioso / Fidelio Despradel.</subfield>
    <subfield code="Z">No se presta</subfield>
  </datafield>
  <datafield tag="999" ind1=" " ind2=" ">
    <subfield code="c">46056</subfield>
    <subfield code="d">46056</subfield>
  </datafield>
</record>
